| 000 | 00541nam a2200181Ia 4500 | ||
|---|---|---|---|
| 001 | 7675 | ||
| 005 | 20260306160512.0 | ||
| 008 | 260306t2015||||xx |||||||||||||| ||spa|| | ||
| 041 | _aESP | ||
| 082 |
_a353.88284 _bS747E |
||
| 100 |
_aSistema Nacional de Evaluación, Acreditación y Certificación de la Calidad Educativa _eAUT |
||
| 245 | 0 | _aNormas de competencia del profesional técnico en el sector agroindustrial | |
| 260 | _c2015 | ||
| 300 |
_a49 páginas : _c29 cm. |
||
| 650 | _aGEN | ||
| 654 | _aCAN | ||
| 942 |
_cLIB _dJUS _fJUS _2ddc _n |
||
| 999 |
_c7675 _d7675 |
||